000 00217nam a22000857a 4500
008 160704b xxu||||| |||| 00| 0 eng d
100 _91918
_a Jeyasimha
245 _aTrain Your Brain
260 _aNew Delhi
_bNeel Kamal
_c2005
999 _c1620
_d1620